Conservation of rare indigenous fish species
Wedi'i Gadw mewn:
| Prif Awdur: | |
|---|---|
| Fformat: | Llyfr |
| Iaith: | Undetermined |
| Cyhoeddwyd: |
Cambodia
Partnership for Development in Kampuchea
1994
|
| Pynciau: | |
| Tagiau: |
Ychwanegu Tag
Dim Tagiau, Byddwch y cyntaf i dagio'r cofnod hwn!
|
| Thư viện lưu trữ: | Trung tâm Học liệu Trường Đại học Cần Thơ |
|---|
| LEADER | 00545nam a2200181Ia 4500 | ||
|---|---|---|---|
| 001 | CTU_150789 | ||
| 008 | 210402s9999 xx 000 0 und d | ||
| 082 | |a 639.9 | ||
| 082 | |b N175 | ||
| 100 | |a Nandeesha, M. C. | ||
| 245 | 0 | |a Conservation of rare indigenous fish species | |
| 245 | 0 | |c M. C. Nandeesha | |
| 260 | |a Cambodia | ||
| 260 | |b Partnership for Development in Kampuchea | ||
| 260 | |c 1994 | ||
| 650 | |a Aquaculture,Nuôi trồng thủy sản | ||
| 904 | |i Trọng Hải | ||
| 980 | |a Trung tâm Học liệu Trường Đại học Cần Thơ | ||